Los servicios de salud del Instituto Mexicano del Seguro Social y su subrogación al sector privado /
Gorde:
| Egile nagusia: | |
|---|---|
| Formatua: | Tesis Liburua |
| Hizkuntza: | gaztelania |
| Gaiak: | |
| Etiketak: |
Etiketarik gabe, Izan zaitez lehena erregistro honi etiketa jartzen!
|
MARC
| LEADER | 00000nam^a2200000^a^4500 | ||
|---|---|---|---|
| 001 | 000184900 | ||
| 005 | 20250521000000.0 | ||
| 009 | 20260310102133.748 | ||
| 037 | |a Acervo ITESO - Biblioteca | ||
| 041 | |a ESP | ||
| 090 | |a DER. 652 | ||
| 100 | |a Cuevas Sánchez, Dolores Vianey |e (autor) | ||
| 245 | 1 | 4 | |a Los servicios de salud del Instituto Mexicano del Seguro Social y su subrogación al sector privado / |c D.V. Cuevas Sánchez. |
| 264 | |a Guadalajara, México : |b edición de autor, |c 2006 | ||
| 300 | |a 1 disco compacto de computadora | ||
| 336 | |a datos para computadora |b cod |2 rdacontenido | ||
| 337 | |a computadora |b c |2 rdamedio | ||
| 338 | |a disco de computadora |b cd |2 rdasoporte | ||
| 502 | |a ITESO Tesis de Licenciatura en Derecho | ||
| 649 | |a XX | ||
| 650 | |a Subrogración - |z México | ||
| 650 | |a Privatización - |z México | ||
| 650 | |a Administración Financiera | ||
| 650 | |a Instituto Mexicano del Seguro Social - |x Aspectos Jurídicos | ||
| 650 | |a Servicios Médicos y de Salud - |z México - |x Aspectos Jurídicos | ||
| 650 | |a Salud Pública - |z México | ||
| 650 | |a Seguridad Social - |z México | ||
| 650 | |a Administración Pública - |z México - |x Historia | ||
| 650 | |a Derecho Social - |z México | ||
| 650 | |a Derecho Laboral - |z México | ||
| 650 | |a Derecho Público - |z México | ||
| 910 | |a Fondo General | ||
| 920 | |a Electrónicos - Tesis del ITESO en Disco | ||
| 905 | |a 202 | ||
| 901 | |a 0500263972 |b IT2 |c STS |u 20250521 | ||
| 902 | |a https://opac.biblio.iteso.mx/vufind/Record/000184900 | ||